Quick Pick: Real Star Trek Species Quiz Stats

 Plays Quiz Updated Oct 1, 2017

Challenge
Share
Tweet
Embed
Score 0/15 Timer 01:30
2 Plays Today
% Correct
Vulcan
91.5%
Cardassian
78.5%
Klingon
78.3%
Bajoran
73.3%
Romulan
72.5%
Borg
71.9%
Ferengi
71.4%
Tribble
71.2%
% Correct
Andorian
71%
Gorn
66.3%
Sikarian
64.4%
Takaran
64.2%
Q
58.5%
Yaderan
52.8%
Orion
45%

Today's Daily Dose

You're not logged in!

Compare scores with friends on all Sporcle quizzes.
OR
Log In

You Might Also Like...

Show Comments

Extras

Top Quizzes Today


Score Distribution

Your Account Isn't Verified!

In order to create a playlist on Sporcle, you need to verify the email address you used during registration. Go to your Sporcle Settings to finish the process.

Report this User

Report this user for behavior that violates our Community Guidelines.

Details: